000 00744nas a2200217 a 4500
650 2 6 _aCiencias forestales
_vPublicaciones periódicas
_zEstados Unidos
_xHistoria
999 _c17246
_d17246
005 20181010153612.0
008 960104c19959999ncuar 0 |a0eng d
040 _aVXG
_cVXG
_dVXF
_dCO-BoIAVH
041 0 _aeng
044 _axxu
090 _aSE
245 0 0 _aForest history today
260 _aDurham, NC (Estados Unidos) :
_bForest History Society,
_c1995-.
300 _billustraciones ;
_c28 cm.
310 _aa
610 2 6 _aForest History Society.
_vPublicaciones periódicas
_991004
650 2 6 _aBosques
_zEstados Unidos
_xHistoria
_vPublicaciones periódicas
710 2 _aForest History Society.
942 _2z
_cREVISTA
_s1